000 00690nmm a2200265 a 4500
003 AR-BaBNM
005 20251128203006.0
008 037019s1977 ||||||||||||||000 | spa||
040 _cAR-BaBNM
100 1 _aPalacio, Lino Enrique
245 1 0 _aDerecho procesal civil
_bactos procesales
_n4
260 _aBuenos Aires
_bAbeledo-Perrot
_c1977
300 0 _a739 p.
500 0 _aIndice general p. 723-739
650 4 _aDERECHO PROCESAL
650 4 _aPROCEDIMIENTO CIVIL
650 4 _aDERECHO CIVIL
650 4 _aNULIDAD
650 4 _aPRUEBAS Y TESTIMONIOS
650 4 _aTESTIGOS
650 4 _aCODIGO CIVIL
650 4 _aLEGISLACION ARGENTINA
942 _cBK
998 _cAndrea
999 _c1414
_d1414